Pays aussi peuplés que ces régions de France - Statistiques

Statistiques générales
  • Ce quiz a été pris 23 fois
  • Le résultat moyen est 8 sur 10
Statistiques - réponses
Par images Réponse % Correct
Danemark/Hauts-de-France
100%
Norvège/Grand Est
100%
Uruguay/Bretagne
100%
Congo/Occitanie
90%
Croatie/ Pays de la Loire
90%
Bielorussie/ Auvergne Rhône Alpes
80%
Bolivie/Île de France
75%
Bosnie-Herzegovine/ Normandie
75%
Costa Rica/Provence-Alpes-Côte-d'Azur
70%
Oman/Nouvelle Aquitaine
65%
Aucun quiz correspondant
Distribution des résultats
% des personnes avec chaque résultat
Percentile par nombre de réponses
Votre historique - résultats
Vous n’avez pas pris ce quiz